000
00211 a2200097 4500
001
1368
100
_a
Machinery Pubs
245
_a
Tool room practice Pt 1 No 13
260
_a
_b
Mcgrawhill
_c
090
_c
918
_d
918
942
_a
NUST-CAE
_c
M
_c
36022
999
_c
236441
_d
236441